Normal view
MARC view
- Hughes, Richard.L Ginnett, Robert.C Curphy, Gordon.J
Entry Personal Name
001 - CONTROL NUMBER
- control field: 62642
003 - CONTROL NUMBER IDENTIFIER
- control field: NUST
005 - DATE AND TIME OF LATEST TRANSACTION
- control field: 20210628202953.0
008 - FIXED-LENGTH DATA ELEMENTS
- fixed length control field: 210628|| aca||aabn | a|a d
040 ## - CATALOGING SOURCE
- Original cataloging agency: NUST
- Transcribing agency: NUST
100 ## - HEADING--PERSONAL NAME
- Personal name: Hughes, Richard.L Ginnett, Robert.C Curphy, Gordon.J
670 ## - SOURCE DATA FOUND
- Source citation: Work cat.: (NUST): Hughes, Richard.L Ginnett, Robert.C Curphy, Gordon.J, Leadership, enhancing the lessons of experience, 2002
